| 000 | 00803nas a2200253 4500 | ||
|---|---|---|---|
| 001 | BR8807299 | ||
| 003 | BR-BrBNA | ||
| 005 | 20231205091405.0 | ||
| 007 | ta | ||
| 008 | 230509b bl.|||p| |||| 00| 00por d | ||
| 040 |
_aBR-BrBNA _bpor _cBiblioteca Nacional de Agricultura |
||
| 041 | _a(Pt) | ||
| 072 | _aQ03; L73 | ||
| 100 | 1 | _aDender, A.G.F. Van | |
| 245 | 1 | _aListeria Monocytogenes: um problema em leite e produtos lacteos | |
| 650 | _aLISTERIOSE | ||
| 650 | _aLEITE | ||
| 650 | _aPRODUTO DERIVADO DO LEITE | ||
| 650 | _aBACTERIA | ||
| 650 | _aHIGIENE DE ALIMENTO | ||
| 773 | 0 |
_tInforme Agropecuario - Empresa de Pesquisa Agropecuaria de Minas Gerais (Brazil) _xISSN 0100-3364 _g(1988), v. 13-(155) p. 19-23 _wBR8807299 |
|
| 909 |
_a202311 _bLúcia _c55 _dLúcia Elande |
||
| 942 |
_2AGRIS _n0 _cANA |
||
| 999 |
_c124762 _d124762 |
||